01238nam a22002057a 4500003000900000005001700009008004100026040001300067100002300080245004000103250000600143260005500149300001700204490002400221520055800245942001200803999001700815952010000832952010000932IT-RoPau20220918175940.0130207b xxu||||| |||| 00| 0 eng d cIT-RoPau aChiesa, Fabio9379 aFrancesco ChiesabUn uomo, un prete aI aAlbabPostulazione Generale e Casa Madre SSPc2006 a63 p.c21 cm aFamiglia PaolinavI aSommario Il giovane Francesco Montà€, terra di vocazioni Legami forti Il "Seminatore di preti" L'amore per il sapere Tra libri e ristrettezze Kant Lauree e viaggi L'insegnamento in seminario Maestro e amico L'uomo nuovo I suoi allievi Un incontro particolare Scrittore e comunicatore Ventimila pagine Giornalista Predicatore Pastore Parroco per amore Instancabile innovatore La fede Un solo pensiero: Dio Asceta tra la gente Preghiera per la beatificazione Scheda Biografica  2ddccBK c38008d38008 00102ddc406P_B571aPAULUSbPAULUSd2013-02-07l0oP B5r2013-02-07 00:00:00w2013-02-07yBK 00102ddc406P_B571aPAULUSbPAULUSd2013-02-07l0oP B5r2013-02-07 00:00:00w2013-02-07yBK